000 00769cpcaa22002417a 4500
001 mm 80004461
003 DLC
005 20260227111702.0
008 800129|||||||||||| eng
010 _amm 80004461
040 _aDLC
_cDLC
_edacs
_dDLC
072 7 _aC
_2lcmd
100 1 _aWilliams, John,
_csoldier.
245 0 0 _aJohn Williams enlistment record,
_f1781 April 10.
300 _a1
_fitem.
506 0 _aOpen to research.
545 0 _aSoldier.
546 _aCollection material in English.
580 _aForms part of: Miscellaneous Manuscripts collection.
656 7 _aSoldiers.
_2itoamc
999 _c42734
_d42734